| 000 | 00433nam a2200169Ia 4500 | ||
|---|---|---|---|
| 008 | 191130s9999##################000#0#eng## | ||
| 020 | _a9781846967238 | ||
| 040 |
_aACL _cACL |
||
| 082 | _a912 HOE | ||
| 100 | _aHoe, Susan | ||
| 245 |
_aNature's habitats _cHoe, Susan |
||
| 300 | _a32 p. : col. ill., col. maps ; 28 cm | ||
| 650 | _aSusan Hoe | ||
| 990 | _a20ea3fcfac10000c20df75ba8219cff8 | ||
| 991 | _a46844 | ||
| 999 |
_c19515 _d19515 |
||